| 000 | 00934nam a2200241 a 4500 | ||
|---|---|---|---|
| 001 | 83785 | ||
| 003 | BD-RjUL | ||
| 005 | 20240520132632.0 | ||
| 008 | 240520s2008 bg a|||| m||| 00| 0 eng d | ||
| 035 | _a(BD-RjUL)83785 | ||
| 040 |
_aBD-RjUL _beng _cBD-RjUL _dBD-RjUL |
||
| 041 | _aeng | ||
| 082 |
_223 _a595.75 _bPAB 2008 |
||
| 100 |
_aParvin, Fardous Ara _913088 |
||
| 245 | 1 | 0 |
_aBionomics and Morphometrics Aphis Craccivora Koch (Homoptera : Aphididae) and its Integrated Management / _cBy Fardous Ara Parvin ; _6Supervisor : B. C. Das |
| 260 |
_aRajshahi : _bInstitute of Biological Sciences, University of Rajshahi, _c2008 |
||
| 300 |
_aviii, 405, xi, Leaves : _bill, ; _c29 cm. |
||
| 502 | _aThesis (Ph. D.) -- Institute of Biological Sciences, University of Rajshahi, 2008 | ||
| 504 | _aReferences : Leaves [310]-405 | ||
| 650 |
_aArthropoda _vHomoptera _913080 |
||
| 700 |
_aDas, B. C., Supervisor _913083 |
||
| 942 |
_2ddc _cTHE |
||
| 999 |
_c83785 _d83785 |
||